书目信息 |
| 题名: |
高等数学辅导
|
|
| 作者: | 高等数学辅导编写组 编 | |
| 分册: | 上 | |
| 出版信息: | 北京 中央民族大学出版社 2005.08 |
|
| 页数: | 397页 | |
| 开本: | 23cm | |
| 丛书名: | ||
| 单 册: | ||
| 中图分类: | O13 | |
| 科图分类: | ||
| 主题词: | 高等数学 | |
| 电子资源: | ||
| ISBN: | 978-7-911117-97-3 | |
| 000 | 00643nam0 2200193 450 | |
| 001 | 1261571619 | |
| 005 | 20120621170817.62 | |
| 010 | @a978-7-911117-97-3@dCNY15.50 | |
| 100 | @a20120621d2005 km y0chiy0120 ea | |
| 101 | 0 | @achi |
| 102 | @aCN@b110000 | |
| 200 | 1 | @a高等数学辅导@Agao deng shu xue fu dao@h上@f高等数学辅导编写组编@Fgao deng shu xue fu dao bian xie zu bian |
| 210 | @a北京@c中央民族大学出版社@d2005.08 | |
| 215 | @a397页@d23cm | |
| 606 | 0 | @a高等数学 |
| 690 | @aO13@v4 | |
| 701 | 0 | @a高等数学辅导编写组@Agao deng shu xue fu dao bian xie zu@4编 |
| 801 | 0 | @aCN@b大连网信软件有限公司图书馆·11@c20120621 |
| 905 | @aZUCC@dO13@eG1061:1 | |
| 高等数学辅导.上/高等数学辅导编写组编.-北京:中央民族大学出版社,2005.08 |
| 397页;23cm |
| ISBN 978-7-911117-97-3:CNY15.50 |
| ● |
| 相关链接 |
|
|
|
正题名:高等数学辅导
索取号:O13/G1061:1
 
预约/预借
| 序号 | 登录号 | 条形码 | 馆藏地/架位号 | 状态 | 备注 |
| 1 | 486560 | 204865609 | 自科库401/504自科库 20排1列6层/ [索取号:O13/G1061:1] | 在馆 |